L'Alt Berguedà : el Pirineu de Barcelona el Pirineu de Barcelona
MARC
| LEADER | 00000nam a2200000Ia 4500 | ||
|---|---|---|---|
| 001 | 15138 | ||
| 003 | AGDB | ||
| 005 | 20260324180542.0 | ||
| 008 | 160829s2000 xx 000 0 cat d | ||
| 080 | |a FU-34-28 | ||
| 245 | |a L'Alt Berguedà : |b el Pirineu de Barcelona | ||
| 260 | |a [Barcelona] : |b Agència de Promoció Turística, Diputació de Barcelona, |c 2000 | ||
| 300 | |a 1 desplegable : |b il. col., fot., map. ; |c 23 cm (46 x 92 cm despleg.) | ||
| 490 | 1 | |a B Turisme Total | |
| 500 | |a A la portada: B Turisme Total. Hi ha la guia en castellà. | ||
| 505 | |a RESUM: Guia turística de la subcomarca. Inclou un mapa, calendari d'activitats, dades sobre els accessos i telèfons d'interès. | ||
| 590 | |a Conté un mapa de la zona. | ||
| 590 | |a A la portada: Turisme Total | ||
| 650 | |a Alt Berguedà |x Guies |9 21913 | ||
| 651 | 0 | |9 51031 |a Pirineus | |
| 651 | 0 | |a Barcelona (Catalunya : Província) |9 50918 | |
| 651 | 0 | |9 50833 |a Bagà | |
| 651 | 0 | |a Berga |9 50834 | |
| 651 | 0 | |9 50847 |a Guardiola de Berguedà | |
| 651 | 0 | |9 50843 |a Fígols | |
| 651 | 0 | |9 50835 |a Borredà | |
| 651 | 0 | |9 50841 |a Cercs | |
| 651 | 0 | |9 50850 |a Nou de Berguedà, El | |
| 651 | 0 | |9 50852 |a Pobla de Lillet, La | |
| 651 | 0 | |9 50856 |a Saldes | |
| 651 | 0 | |9 50838 |a Castell de l'Areny | |
| 651 | 0 | |a Castellar de n'Hug (Catalunya) |9 50839 | |
| 651 | 0 | |9 50840 |a Castellar del Riu | |
| 651 | 0 | |9 50857 |a Sant Jaume de Frontanyà | |
| 651 | 0 | |a Sant Julià de Cerdanyola (Catalunya) |9 71496 | |
| 651 | 0 | |9 50845 |a Gisclareny | |
| 651 | 0 | |9 50846 |a Gósol | |
| 651 | 0 | |9 50860 |a Vallcebre | |
| 651 | 0 | |9 50861 |a Vilada | |
| 710 | 1 | |a Barcelona (Catalunya : Província). |b Diputació |9 52408 | |
| 710 | 1 | |a Barcelona (Catalunya : Província). |b Agència de Promoció Turística |9 51387 | |
| 830 | |9 51492 |a Tot Barcelona Turisme Total | ||
| 901 | |a Arxiu | ||
| 942 | |n 1 |c TRIPTIC-F |2 udc | ||
| 952 | |0 0 |1 0 |4 0 |6 FU3428 |7 1 |9 41928 |a Arxiu |b Arxiu |d 2016-12-01 |l 0 |o FU-34-28 |p 15138 |r 2016-12-01 00:00:00 |w 2016-12-01 |y ARXIU | ||
| 952 | |0 0 |1 0 |4 0 |5 0 |6 OTT_F0010252000 |7 1 |8 Paper |9 59052 |a TURISME |b TURISME |d 2018-07-26 |l 0 |o OTT F.001.02-5(2000) |p TURISME18070647 |r 2018-07-26 00:00:00 |t 2 |w 2018-07-26 |y TRIPTIC-F | ||
| 999 | |c 44375 |d 44375 | ||